| Tag |
First Indicator |
Second Indicator |
Subfields |
| LEADER |
00000cam a2200000 a 4500 |
| 001 |
in00000435005 |
| 005 |
20151012075323.0 |
| 008 |
860918s1985 caua 00100 eng d |
| 020 |
|
|
|a 0917017846
|
| 035 |
|
|
|a (OCoLC)14231172
|
| 035 |
|
|
|9 ABX3546AM
|
| 040 |
|
|
|a WSU
|c WSU
|d TXA
|d UtOrBLW
|
| 049 |
|
|
|a TXAM
|c [A10038214]
|
| 090 |
|
|
|a QA76.6
|b .M15 1985
|
| 245 |
0 |
0 |
|a MCS-96 macro assembler user's guide for DOS systems.
|
| 264 |
|
1 |
|a Santa Clara, CA :
|b Intel Corporation,
|c [1985]
|
| 264 |
|
4 |
|c ©1985
|
| 300 |
|
|
|a 1 volume (various pagings) :
|b illustrations ;
|c 22 cm.
|
| 336 |
|
|
|a text
|b txt
|2 rdacontent
|
| 337 |
|
|
|a unmediated
|b n
|2 rdamedia
|
| 338 |
|
|
|a volume
|b nc
|2 rdacarrier
|
| 500 |
|
|
|a Includes index.
|
| 500 |
|
|
|a "Order number: 122351-001."
|
| 500 |
|
|
|a On cover: Software development tools.
|
| 650 |
|
0 |
|a Operating systems (Computers)
|
| 650 |
|
0 |
|a Assembling (Electronic computers)
|
| 710 |
2 |
|
|a Intel Corporation.
|
| 740 |
0 |
|
|a Software development tools.
|
| 740 |
0 |
|
|a MCS 96 macro assembler user's guide for DOS systems.
|
| 999 |
|
|
|a MARS
|
| 999 |
f |
f |
|s 2d4cb133-2aff-3345-93c1-ace4beecb10a
|i ca3702fc-2b6c-30c9-a766-a1393f00be9c
|t 0
|
| 952 |
f |
f |
|p ric
|a Texas A&M University
|b Rellis Campus
|c Joint Library Facility
|d Remote Storage
|t 0
|e QA76.6 .M15 1985
|h Library of Congress classification
|i unmediated -- volume
|m A14810038214
|
| 998 |
f |
f |
|a QA76.6 .M15 1985
|t 0
|l Remote Storage
|